mysqli: Table './ulib62015/stat_globaluid' is marked as crashed and should be repaired
select id from stat_globaluid where statuid='20260517143927_3912'
mysqli: Table './ulib62015/stat_globaluid' is marked as crashed and should be repaired
DELETE FROM stat_globaluid
WHERE id NOT IN (
SELECT id
FROM (
SELECT id
FROM stat_globaluid
ORDER BY id DESC
LIMIT 100
) foo
);
mysqli: Table './ulib62015/stat_globaluid' is marked as crashed and should be repaired
insert into stat_globaluid set
statuid='20260517143927_3912',
dt='1779003567',
phpself='/ULIB62015/dublinfull.php',
agent='Mozilla/5.0 AppleWebKit/537.36 (KHTML, like Gecko; compatible; ClaudeBot/1.0; +claudebot@anthropic.com)',
yea='2026',
mon='5',
dat='17',
ip='216.73.216.45'
mysqli: Table './ulib62015/stathist_viewbib_bib_type' is marked as crashed and should be repaired
insert into stathist_viewbib_bib_type set
dat='17' ,
mon='05' ,
yea='2026' ,
statuid='20260517143927_3912' ,
head='13399107688' ,
foot='marc' ,
dt='1779003567'
| LEADER : 00000nam 2200000uu 4500 |
| 008 100922s||||||||th 000 0 tha d |
| 020 974-8291-63-4
|
| 050 4 HM63.T5^bม115 2540/4
|
| 100 0 มงคล หวังสุขใจ
|
| 245 10 สังคมวิทยาเบื้องต้น /^cมงคล หวังสุขใจ, ชมพู โกติรัมย์
|
| 250 พิมพ์ครั้งที่ 4
|
| 260 กรุงเทพฯ :^bศูนย์เทคโนโลยีทางการศึกษา ฝ่ายเทคโนโลยีมหาวิทยาลัยศรีปทุม,^c2540
|
| 300 270 หน้า :^bภาพประกอบ
|
| 650 7 สังคมวิทยา
|
| 700 0 ชมพู โกติรัมย์
|
| 710 2 มหาวิทยาลัยศรีปทุม.^bฝ่ายเทคโนโลยี.^bศูนย์เทคโนโลยีทางการศึกษา
|
| 945 ^p115^l0^i013980 |
| 999 ^aบรรณารักษ์
|
| คุณยังไม่ได้ล็อกอิน คุณสามารถมีกิจกรรมร่วมกับเว็บไซต์ได้ แต่ต้องล็อกอินก่อน :: |
|
|
|
| ลำดับที่ |
ประเภท |
เลขเรียก/บาร์โค้ด |
สถานที่ |
สถานะ |
| 1. |
 หนังสือ | HM63.T5 ม115 ฉ.1 Barcode: 013980 | หนังสือทั่วไป | บนชั้น ขอยืม |
รายการใกล้เคียง
หัวเรื่อง [สังคมวิทยา]
|
|
ยังไม่เคยถูกคอมเมนท์
|
| คอมเมนท์ทรัพยากรรายการนี้ |
|